University Home | Library Home | Institutional Repository

Battleground : (Record no. 96253)

MARC details
000 -LEADER
fixed length control field 00474cam6a220018100 4500
001 - CONTROL NUMBER
control field tmp15759152
003 - CONTROL NUMBER IDENTIFIER
control field UPRA
005 - DATE AND TIME OF LATEST TRANSACTION
control field 20190819091953.0
008 - FIXED-LENGTH DATA ELEMENTS--GENERAL INFORMATION
fixed length control field 951023s1973 xx eng u
035 ## - SYSTEM CONTROL NUMBER
System control number (Sirsi) r42446
035 ## - SYSTEM CONTROL NUMBER
System control number (UPRA)tmp15759152
040 ## - CATALOGING SOURCE
Transcribing agency UPRA
100 1# - MAIN ENTRY--PERSONAL NAME
Personal name Kats, Shemu'el.
Linkage A61442.1
245 10 - TITLE STATEMENT
Title Battleground :
Remainder of title fact and fantasy in Palestine.
260 ## - PUBLICATION, DISTRIBUTION, ETC.
Date of publication, distribution, etc. 1973.
949 ## - LOCAL PROCESSING INFORMATION (OCLC)
a DS119.7
w lcc
i -51816
m MAIN
p 2500
t BOOK
l ON-SHELF

No items available.

© 2026 - The University of Zambia Library - Koha v25.11